Đại Việt sử ký toàn thư T.4 Nguyên văn tiếng Hán
Lịch sử Việt Nam từ thời dựng nước và giữ nước. Thời xây dựng quốc gia phong kiến dân tộc độc lập. Các triều vua từ thời Hồng Bàng đến hết triều thần Tông Hoàng đế nhà Lê (1620-1643). Nguyên văn tiếng Hán
Guardado en:
| Autor principal: | |
|---|---|
| Otros Autores: | , , , , , , |
| Formato: | Libro |
| Lenguaje: | Vietnamese |
| Publicado: |
H.
Khoa học xã hội
1993
|
| Materias: | |
| Etiquetas: |
Agregar Etiqueta
Sin Etiquetas, Sea el primero en etiquetar este registro!
|
| Thư viện lưu trữ: | Mạng thư viện Đại học Đà Nẵng |
|---|
| LEADER | 01886nam a22004458a 4500 | ||
|---|---|---|---|
| 001 | 000013868 | ||
| 003 | 10215 | ||
| 005 | 20120323150311.0 | ||
| 008 | 120323s1993 b 000 0 od | ||
| 041 | 0 | |a 9306 | |
| 041 | 0 | |a vie | |
| 082 | |a 959.7 |b DAI | ||
| 084 | |a P3(1)1 | ||
| 100 | 1 | |a Lê Văn Hưu | |
| 245 | 1 | 0 | |a Đại Việt sử ký toàn thư |c Lê Văn Hưu, Phan Phu Tiên, Ngô Sĩ Liên, ... biên soạn Ngô Đức Thọ dịch và chú thích ; Phan Huy Lê khảo cứu tác giả tác phẩm |n T.4 |p Nguyên văn tiếng Hán |
| 260 | |a H. |b Khoa học xã hội |c 1993 | ||
| 300 | |a 673tr |c 27cm | ||
| 505 | |a T.4: Nguyên văn tiếng Hán | ||
| 520 | |a Lịch sử Việt Nam từ thời dựng nước và giữ nước. Thời xây dựng quốc gia phong kiến dân tộc độc lập. Các triều vua từ thời Hồng Bàng đến hết triều thần Tông Hoàng đế nhà Lê (1620-1643). Nguyên văn tiếng Hán | ||
| 653 | |a Lịch sử cổ đại | ||
| 653 | |a Lịch sử trung đại | ||
| 653 | |a Việt Nam | ||
| 700 | 1 | |a Phan Phu Tiên |e Tác giả | |
| 700 | 1 | |a Vũ Quỳnh |e Tác giả | |
| 700 | 1 | |a Lê Tùng |e Tác giả | |
| 700 | 1 | |a Ngô Đức Thọ |e Dịch | |
| 700 | 1 | |a Lê Hy |e Tác giả | |
| 700 | 1 | |a Phạm Công Trứ |e Tác giả | |
| 700 | 1 | |a Ngô Sĩ Liên |e Tác giả | |
| 773 | |d Nxb. Khoa học xã hội |d H. |d 1993 |t Đại Việt sử ký toàn thư |w 10210 | ||
| OWN | |a LSP | ||
| AVA | |a UDN50 |b LSP |d 959.7 DAI |e available |t Error 5001 Not defined in file expand_doc_bib_avail. |f 1 |g 0 |h N |i 0 |k 1 | ||
| 999 | |a From the UDN01 | ||
| AVA | |a UDN50 |b LSP |d 959.7 DAI |e available |t Error 5001 Not defined in file expand_doc_bib_avail. |f 1 |g 0 |h N |i 0 |k 1 | ||
| TYP | |a Monograph | ||
| TYP | |a Printed language | ||
| 980 | |a Mạng thư viện Đại học Đà Nẵng | ||